| 000 | 00555nam a22001817a 4500 | ||
|---|---|---|---|
| 005 | 20241211104104.0 | ||
| 010 | _aENG-142900 | ||
| 020 |
_a9789380253701 _c80.00 |
||
| 035 | _aEN-126432 | ||
| 037 | _bDBAD | ||
| 082 | _a280 | ||
| 100 |
_aFernandes, Errol _974930 |
||
| 245 |
_aSunday Reflections: _cby Errol Fernandes _bCycle A/ |
||
| 260 |
_aTamilnadu _bVaigarai Publishing House _c2010 |
||
| 270 |
_aOpp. St. Mary's Publishing House, Dindigul _bTamilnadu _e624001 |
||
| 300 |
_a166p. _c21cm(pb) _ephotos |
||
| 942 |
_2ddc _cEN _h280 _mFER |
||
| 999 |
_c207547 _d207547 |
||